000 00289nam a22001337a 4500
008 170413b xxu||||| |||| 00| 0 eng d
020 _a9780073397191
041 _aeng
080 _210
_a618
100 _a10
101 _aSHM
245 _aTAKING SIDES
_cTAVERNER.W.J
942 _2udc
_cBK
999 _c10623
_d10623